<?xml version="1.0" encoding="UTF-8"?>
<record
    xmlns:xsi="http://www.w3.org/2001/XMLSchema-instance"
    xsi:schemaLocation="http://www.loc.gov/MARC21/slim http://www.loc.gov/standards/marcxml/schema/MARC21slim.xsd"
    xmlns="http://www.loc.gov/MARC21/slim">

  <leader>00780nam a22002297a 4500</leader>
  <controlfield tag="005">20150202150050.0</controlfield>
  <controlfield tag="008">140714b        xxu||||| |||| 00| 0 Urdu d</controlfield>
  <datafield tag="010" ind1=" " ind2=" ">
    <subfield code="a">UR-8576</subfield>
  </datafield>
  <datafield tag="020" ind1=" " ind2=" ">
    <subfield code="c">50.00   </subfield>
  </datafield>
  <datafield tag="035" ind1=" " ind2=" ">
    <subfield code="a">U-7131</subfield>
  </datafield>
  <datafield tag="037" ind1=" " ind2=" ">
    <subfield code="b">DBAD/Publishers</subfield>
  </datafield>
  <datafield tag="040" ind1=" " ind2=" ">
    <subfield code="a">DPL</subfield>
    <subfield code="b">Urdu</subfield>
  </datafield>
  <datafield tag="082" ind1=" " ind2=" ">
    <subfield code="a">841</subfield>
  </datafield>
  <datafield tag="100" ind1=" " ind2=" ">
    <subfield code="a">&#x641;&#x631; &#x627; &#x63A; &#x631;&#x648; &#x6C1;&#x648; &#x6CC;</subfield>
  </datafield>
  <datafield tag="245" ind1=" " ind2=" ">
    <subfield code="a">&#x6C1;&#x645; &#x628;&#x686;&#x6D2; &#x6C1;&#x64A;&#x646; &#x67E;&#x691; &#x6BE;&#x646;&#x6D2; &#x648; &#x627; &#x644;&#x6D2;</subfield>
    <subfield code="c">&#x641;&#x631; &#x627; &#x63A; &#x631;&#x648; &#x6C1;&#x648; &#x6CC;  </subfield>
  </datafield>
  <datafield tag="246" ind1=" " ind2=" ">
    <subfield code="a">Hum Bache Hain Parhne Wale</subfield>
    <subfield code="b">Faragh Rohvi</subfield>
  </datafield>
  <datafield tag="260" ind1=" " ind2=" ">
    <subfield code="b">Gulistan Publications</subfield>
    <subfield code="b">K.K.P.( Vender)</subfield>
    <subfield code="c">2012</subfield>
  </datafield>
  <datafield tag="260" ind1=" " ind2=" ">
    <subfield code="a">4806/24,Bharat Ram Road,Dariya Gunj,New Delhi-2</subfield>
  </datafield>
  <datafield tag="270" ind1=" " ind2=" ">
    <subfield code="a">67-&#x6AF;&#x644;&#x6CC; &#x200F;&#x645;&#x648; &#x644;&#x627; &#x646;&#x627; &#x634;&#x648; &#x6A9;&#x62A; &#x639;&#x644;&#x6CC;</subfield>
    <subfield code="b">&#x6A9;&#x644;&#x6A9;&#x62A;&#x6C1;</subfield>
    <subfield code="e">700073</subfield>
    <subfield code="k">9831775593</subfield>
  </datafield>
  <datafield tag="300" ind1=" " ind2=" ">
    <subfield code="a">80&#x635;</subfield>
    <subfield code="c">22Cm (Hb)</subfield>
  </datafield>
  <datafield tag="942" ind1=" " ind2=" ">
    <subfield code="2">ddc</subfield>
    <subfield code="c">UR</subfield>
    <subfield code="m">&#x641; &#x631; &#x627;</subfield>
    <subfield code="h">841</subfield>
  </datafield>
  <datafield tag="999" ind1=" " ind2=" ">
    <subfield code="c">87612</subfield>
    <subfield code="d">87612</subfield>
  </datafield>
  <datafield tag="952" ind1=" " ind2=" ">
    <subfield code="0">0</subfield>
    <subfield code="1">0</subfield>
    <subfield code="2">ddc</subfield>
    <subfield code="4">0</subfield>
    <subfield code="7">1</subfield>
    <subfield code="8">NFIC</subfield>
    <subfield code="a">DBAD</subfield>
    <subfield code="b">DBAD</subfield>
    <subfield code="d">2015-02-02</subfield>
    <subfield code="e">DBAD/Pub.</subfield>
    <subfield code="g">50.00</subfield>
    <subfield code="l">0</subfield>
    <subfield code="o">841 &#x641; &#x631; &#x627;</subfield>
    <subfield code="p">U-7131</subfield>
    <subfield code="r">2015-02-02 00:00:00</subfield>
    <subfield code="t">1</subfield>
    <subfield code="v">50.00</subfield>
    <subfield code="w">2015-02-02</subfield>
    <subfield code="y">UR</subfield>
  </datafield>
</record>
